Video Game Characters By Picture - N - Statistics

General Stats
  • This quiz has been taken 103 times
  • The average score is 4 of 8
Answer Stats
Picture Answer % Correct
Nathan Drake
78%
Ninetales
78%
Ness
76%
Niko Bellic
52%
Noivern
44%
Nemesis
41%
Nero
31%
NiGHTS
24%
No matching quizzes found
Score Distribution
Percent of People with Each Score
Percentile by Number Answered
Your Score History
You have not taken this quiz